000 00468nam a22001457a 4500
008 160125b xxu||||| |||| 00| 0 eng d
020 _a007829715X
082 _22003
_aDK12 370.113
_bC271
245 _aCareer clusters :
_bteacher manual/
260 _aNew York, NY :
_bGlencoe/McGraw-Hill,
_cc2003.
300 _av. , 416 pages :
_billustrations ;
_c28 cm.
650 0 _92108
_aVocational education
650 0 _92109
_aCareer education
_zUnited States.
942 _2ddc
_cDC
999 _c783
_d783